[Event "Titled Tuesday intern op 01st Aug Late"]
[Site "Chess.com INT"]
[Date "2023.08.01"]
[Round "10"]
[White "Toropov, Pavel"]
[Black "Ardelean, George Catalin"]
[Result "0-1"]
[WhiteElo "2336"]
[BlackElo "2447"]
[PlyCount "60"]
[EventDate "2023.08.01"]
[EventType "swiss (blitz)"]
[EventRounds "11"]
[EventCountry "USA"]
[SourceTitle "EXT 2024"]
[Source "ChessBase"]
[SourceDate "2023.10.10"]
[SourceVersion "1"]
[SourceVersionDate "2023.10.10"]
[SourceQuality "1"]

1. e4 d5 2. exd5 Qxd5 3. Nc3 Qd6 4. d4 c6 5. Nf3 Bg4 6. h3 Bxf3 7. Qxf3 Nf6 8. Be3 Nbd7 9. 0-0-0 e6 10. g4 Qc7 11. Kb1 Nd5 12. Ne4 b5 13. g5 Rb8 14. h4 b4 15. h5 Nc3+ 16. Nxc3 bxc3 17. b3 Bd6 18. g6 0-0 19. gxh7+ Kh8 20. Bg2 Rb6 21. Rdg1 Be7 22. Bf1 Bf6 23. h6 g6 24. Bd3 Qd6 25. Rg4 e5 26. Rhg1 exd4 27. Bf4 Ne5 28. Bxe5 Bxe5 29. Qd1 Bf4 30. Bxg6 Qa3 0-1

[Event "Titled Tuesday intern op 01st Aug Late"]
[Site "Chess.com INT"]
[Date "2023.08.01"]
[Round "5"]
[White "Toropov, Pavel"]
[Black "Ibarra Jerez, Jose Carlos"]
[Result "1/2-1/2"]
[WhiteElo "2336"]
[BlackElo "2563"]
[PlyCount "199"]
[EventDate "2023.08.01"]
[EventType "swiss (blitz)"]
[EventRounds "11"]
[EventCountry "USA"]
[SourceTitle "EXT 2024"]
[Source "ChessBase"]
[SourceDate "2023.10.10"]
[SourceVersion "1"]
[SourceVersionDate "2023.10.10"]
[SourceQuality "1"]

1. e4 c5 2. Nf3 Nc6 3. d4 cxd4 4. Nxd4 e5 5. Nb5 a6 6. Nd6+ Bxd6 7. Qxd6 Qe7 8. Qxe7+ Ngxe7 9. Nc3 d5 10. Nxd5 Nxd5 11. exd5 Nb4 12. Bd3 Nxd3+ 13. cxd3 Bf5 14. Be3 Bxd3 15. Rc1 Be4 16. d6 Bc6 17. 0-0 Kd7 18. f4 Kxd6 19. Rfd1+ Ke6 20. fxe5 Rhd8 21. Bb6 Rxd1+ 22. Rxd1 Bd5 23. a3 Rc8 24. Rd2 Rc4 25. Bd4 h5 26. Kf2 Bc6 27. Bc3 Rf4+ 28. Ke3 Re4+ 29. Kf2 Kf5 30. Rd3 Rf4+ 31. Kg1 h4 32. h3 Re4 33. Rf3+ Ke6 34. Kf2 Rc4 35. Rd3 Rf4+ 36. Kg1 g5 37. Rd4 Rf5 38. Rd6+ Ke7 39. Rf6 Rxf6 40. exf6+ Ke6 41. Kf2 Kf5 42. g3 Bd7 43. g4+ Kg6 44. Kg2 Bb5 45. Kh2 Bf1 46. Bd4 Kh6 47. Bc3 Kh7 48. Bd4 Kg6 49. Bc3 b5 50. b4 Be2 51. Bd4 Bc4 52. Kg2 Bd5+ 53. Kh2 Bc6 54. Bc3 Bd7 55. Bd4 Bc8 56. Be5 Be6 57. Bd4 Bc4 58. Bc3 Bf1 59. Bd4 Kh7 60. Bc3 Be2 61. Bd4 Bf3 62. Bc3 Bc6 63. Kg1 Kh6 64. Kh2 Bd5 65. Kg1 Bc4 66. Kh2 Kg6 67. Kg1 Kh7 68. Kf2 Bd3 69. Bd4 Bc4 70. Bc3 Bd5 71. Bd4 Bc6 72. Bc3 Kh6 73. Bd4 Kg6 74. Bc3 Bb7 75. Bd4 Kh7 76. Bc3 Bd5 77. Kg1 Kg6 78. Kf2 Be6 79. Kg1 Bc8 80. Kh2 Bb7 81. Kg1 Bd5 82. Kf2 Bb3 83. Bd4 Bd1 84. Bc3 Kh6 85. Bd4 Kh7 86. Bc3 Kg6 87. Bd4 Bb3 88. Kg1 Kh6 89. Kf2 Bd5 90. Kg1 Bf3 91. Kf2 Bh1 92. Kg1 Bc6 93. Kf2 Bd7 94. Kg1 Bc8 95. Kf2 Bb7 96. Kg1 Kh7 97. Kf2 Bc6 98. Kg1 Bd5 99. Kf2 Bc4 100. Kg1 1/2-1/2

[Event "Titled Tuesday intern op 01st Aug Late"]
[Site "Chess.com INT"]
[Date "2023.08.01"]
[Round "8"]
[White "Toropov, Pavel"]
[Black "Jaracz, Pawel"]
[Result "1-0"]
[WhiteElo "2336"]
[BlackElo "2472"]
[PlyCount "43"]
[EventDate "2023.08.01"]
[EventType "swiss (blitz)"]
[EventRounds "11"]
[EventCountry "USA"]
[SourceTitle "EXT 2024"]
[Source "ChessBase"]
[SourceDate "2023.10.10"]
[SourceVersion "1"]
[SourceVersionDate "2023.10.10"]
[SourceQuality "1"]

1. e4 d6 2. d4 Nf6 3. Nc3 e5 4. Nge2 Nbd7 5. h3 a6 6. g4 h6 7. Bg2 b5 8. 0-0 Be7 9. f4 b4 10. Nd5 Nxd5 11. exd5 exf4 12. Bxf4 0-0 13. Qd2 a5 14. a3 Ba6 15. Rfe1 Bh4 16. Bg3 Re8 17. Bxh4 Qxh4 18. axb4 axb4 19. Nf4 Rxe1+ 20. Rxe1 b3 21. cxb3 Qxg4 22. hxg4 1-0

[Event "Titled Tuesday intern op 01st Aug Late"]
[Site "Chess.com INT"]
[Date "2023.08.01"]
[Round "4"]
[White "Toropov, Pavel"]
[Black "Mekhitarian, Krikor Sevag"]
[Result "1/2-1/2"]
[WhiteElo "2336"]
[BlackElo "2540"]
[PlyCount "177"]
[EventDate "2023.08.01"]
[EventType "swiss (blitz)"]
[EventRounds "11"]
[EventCountry "USA"]
[SourceTitle "EXT 2024"]
[Source "ChessBase"]
[SourceDate "2023.10.10"]
[SourceVersion "1"]
[SourceVersionDate "2023.10.10"]
[SourceQuality "1"]

1. e4 e6 2. d4 d5 3. exd5 exd5 4. Bd3 Bd6 5. Ne2 Nf6 6. Bf4 0-0 7. 0-0 Re8 8. Bxd6 Qxd6 9. Nd2 Bg4 10. h3 Bh5 11. Re1 Nbd7 12. c3 Re7 13. Nf1 Rae8 14. Qd2 Bxe2 15. Rxe2 Rxe2 16. Bxe2 Ne4 17. Qc2 c5 18. Rd1 c4 19. Re1 Ndf6 20. Qc1 g6 21. Bf3 Re6 22. Nd2 Ng5 23. Rxe6 Qxe6 24. Qd1 b5 25. Kf1 a5 26. Qe2 Qd6 27. Qe5 Qxe5 28. dxe5 Nxf3 29. Nxf3 Nd7 30. Ke2 Nc5 31. Nd4 b4 32. cxb4 axb4 33. Nc6 Nd3 34. b3 Nc1+ 35. Kd2 Nxa2 36. Kc2 Kf8 37. Kb2 cxb3 38. Kxb3 Nc1+ 39. Kc2 Ne2 40. Nxb4 Nf4 41. g3 Nxh3 42. f4 Nf2 43. Nxd5 Ne4 44. g4 Nf2 45. Nf6 Nh3 46. Nd5 Nf2 47. Nf6 Nh3 48. Nd5 h6 49. Kd2 Nf2 50. Nf6 Kg7 51. Ke3 Nd1+ 52. Kf3 Nb2 53. Ne4 Nc4 54. Kg3 Ne3 55. Kf3 Nd5 56. Nd6 Ne7 57. Ne4 Nc6 58. Nd6 g5 59. Ke4 gxf4 60. Nf5+ Kg6 61. Kxf4 Nd8 62. Nh4+ Kg7 63. Nf5+ Kh7 64. Kg3 Ne6 65. Kf3 Ng5+ 66. Kf4 Ne6+ 67. Ke4 Kg6 68. Kf3 Kg5 69. Kg3 Nc5 70. Nd6 Kg6 71. Kf4 Nd3+ 72. Ke4 Nf2+ 73. Kf3 Nd3 74. Ke4 Nc5+ 75. Kf4 Ne6+ 76. Kg3 Nf8 77. Kf4 Nd7 78. Nf5 Nc5 79. Ne7+ Kg7 80. Nf5+ Kh7 81. Nd6 Kg6 82. Nf5 Ne6+ 83. Kf3 Kg5 84. Nd6 Nd8 85. Kg3 Kg6 86. Ne4 Nc6 87. Kf4 Nb4 88. Nd6 Nd3+ 89. Ke4 1/2-1/2

[Event "Titled Tuesday intern op 01st Aug Early"]
[Site "Chess.com INT"]
[Date "2023.08.01"]
[Round "5"]
[White "Toropov, Pavel"]
[Black "Suyarov, Mukhammadzokhid"]
[Result "0-1"]
[WhiteElo "2336"]
[BlackElo "2337"]
[PlyCount "74"]
[EventDate "2023.08.01"]
[EventType "swiss (blitz)"]
[EventRounds "11"]
[EventCountry "USA"]
[SourceTitle "EXT 2024"]
[Source "ChessBase"]
[SourceDate "2023.10.10"]
[SourceVersion "1"]
[SourceVersionDate "2023.10.10"]
[SourceQuality "1"]

1. e4 e6 2. d4 d5 3. exd5 exd5 4. Bd3 Nc6 5. c3 Bd6 6. h3 Nge7 7. Ne2 0-0 8. Bf4 Bf5 9. 0-0 Re8 10. Qc2 Bxd3 11. Qxd3 Ng6 12. Bxd6 Qxd6 13. Nd2 Re6 14. Nf3 Rae8 15. Ng3 Nf4 16. Qd2 Ne2+ 17. Nxe2 Rxe2 18. Qc1 Qg6 19. Re1 h6 20. Qb1 Kf8 21. Qxg6 fxg6 22. Ne5 Rxb2 23. Nxg6+ Kf7 24. Nf4 Rxe1+ 25. Rxe1 Ne7 26. a4 c6 27. Nd3 Ra2 28. Ne5+ Kf8 29. Nd7+ Ke8 30. Nc5 b6 31. Ne6 g5 32. f4 gxf4 33. Nxf4 Kd7 34. Re6 Ra1+ 35. Kh2 Rf1 36. Nd3 Kxe6 37. Kg3 Nf5+ 0-1